000 00217nam a22000857a 4500
008 170119b xxu||||| |||| 00| 0 eng d
100 _92487
_aDorling Kindersley
245 _aAsk me Anything
260 _aNew delhi
_bD.K.
_c2009
999 _c5553
_d5553